00256nam a2200097Ia 4500008004100000245003100041260000900072300003200081440002400113650002100137180117s9999 xx 000 0 und d aThis week Arts and Culture c2017 a12-14 pages, 2017 October 8 aPhilippine Panorama aARTS AND CULTURE